| 000 -LEADER |
| fixed length control field |
00757nam a22002537a 4500 |
| 001 - CONTROL NUMBER |
| control field |
4386 |
| 003 - CONTROL NUMBER IDENTIFIER |
| control field |
BD-DhUAP |
| 005 - DATE AND TIME OF LATEST TRANSACTION |
| control field |
20210119125957.0 |
| 008 - FIXED-LENGTH DATA ELEMENTS--GENERAL INFORMATION |
| fixed length control field |
201125s1995 moua b 001 0 eng |
| 020 ## - INTERNATIONAL STANDARD BOOK NUMBER |
| International Standard Book Number |
0697242501 |
| 040 ## - CATALOGING SOURCE |
| Original cataloging agency |
DLC |
| Transcribing agency |
DLC |
| Modifying agency |
BD-DhUAP |
| Language of cataloging |
Eng |
| 082 00 - DEWEY DECIMAL CLASSIFICATION NUMBER |
| Edition number |
23 |
| Classification number |
590 HIC |
| 100 1# - MAIN ENTRY--PERSONAL NAME |
| Personal name |
Hickman, Cleveland P. |
| 245 10 - TITLE STATEMENT |
| Title |
Integrated principles of zoology / |
| Statement of responsibility, etc. |
Cleveland P. Hickman, Larry S. Roberts and Allan Larson. |
| 250 ## - EDITION STATEMENT |
| Edition statement |
9th ed. |
| 260 ## - PUBLICATION, DISTRIBUTION, ETC. |
| Place of publication, distribution, etc. |
Dubuque : |
| Name of publisher, distributor, etc. |
Wm. C. Brown, |
| Date of publication, distribution, etc. |
c1995. |
| 300 ## - PHYSICAL DESCRIPTION |
| Extent |
vi, 71 pages : |
| Other physical details |
illustrations ; |
| Dimensions |
29 cm. |
| 500 ## - GENERAL NOTE |
| General note |
Student study art notebook. |
| 504 ## - BIBLIOGRAPHY, ETC. NOTE |
| Bibliography, etc. note |
Includes bibliographies and index. |
| 650 #0 - SUBJECT ADDED ENTRY--TOPICAL TERM |
| Topical term or geographic name entry element |
Zoology. |
| 700 1# - ADDED ENTRY--PERSONAL NAME |
| Personal name |
Roberts, Larry S. |
| 700 1# - ADDED ENTRY--PERSONAL NAME |
| Personal name |
Larson, Allan. |
| 942 ## - ADDED ENTRY ELEMENTS (KOHA) |
| Source of classification or shelving scheme |
|
| Koha item type |
Book |